000 00637nam a22001457a 4500
999 _c80246
_d80246
008 201130b ||||| |||| 00| 0 eng d
040 _bger
_cSTAFF
_erda
_aSTAFF
100 _aGrieger, Ulf
245 _aTote Wildschweine entdeckt
_bSchweinepest: Aus dem verwilderten ehemaligen Industriegebiet auf der nördlichen Küstriner Oderinsel sind am Freitag 26 Kadaver entfernt worden.
_cUlf Grieger
773 _dFrankfurt (Oder): Märkisches Verlags- und Druckhaus GmbH & Co KG
_g31. Jahrgang (2020) Nr. 278 vom 28/29.11.2020, S. 22
_tMärkische Oderzeitung
942 _cA